LEADER 00889nam0-2200289 --450 001 9910637100703321 005 20230113163329.0 100 $a20230113d1970----kmuy0itay5050 ba 101 0 $afre 102 $aFR 105 $a 001yy 200 1 $a25 ans de Nations Unies$eun bilan positif$ftextes rassemblés et publiés sous la direction de Charles Chaumont et Georges Fischer 210 $aParis$cR. Pichon et R. Durand-Auzias$d1970 215 $a276 p.$d18 cm 300 $aScritti di vari 517 1 $aVingt-cinq ans de Nations Unies 610 0 $aNazioni Unite$a1945-1970 676 $a341.23$v23$zita 702 1$aChaumont,$bCharles 702 1$aFischer,$bGeorges 801 0$aIT$bUNINA$gREICAT$2UNIMARC 901 $aBK 912 $a9910637100703321 952 $aX F 246$b101464$fFGBC 959 $aFGBC 996 $a25 ans de Nations Unies$91063756 997 $aUNINA LEADER 01647nam0 22003251i 450 001 UON00044096 005 20231205102158.572 100 $a20020107d1951 |0itac50 ba 101 $afre 102 $aFR 105 $a|||| 1|||| 200 1 $aˆLa ‰Palmyrène du Nord-Ouest$eVillages et lieux de culte de l'époque impériale, recherches archéologiques sur la mise en valeur d'une région du désert par les Palmyréniens$fpar Daniel Schlumberger$gsuivi du recueil des inscriptions sémitiques de cette région par H. Ingholt et J. Starcky avec une contribution de G. Ryckmans 210 $aParis$cPaul Geuthner$d1951 215 $aXIV, 192 p.$cill.$d26 cm 410 1$1001UON00038570$12001 $aBibliothèque Archéologique et Historique$bBeyrouth-Damas-Amman]$fInstitut Français d'Archéologie de Beyrouth$v049 606 $aArcheologia$xSiria$xSiti$xPalmira$3UONC004031$2FI 606 $aEPIGRAFIA SEMITICA$3UONC004433$2FI 606 $aRELIGIONE$xSIRIA (PALMIRA)$xDIVINITA'$3UONC013449$2FI 620 $aFR$dParis$3UONL002984 686 $aSIPA X C$cSIRIA E PALESTINA - ARCHEOLOGIA - SITI$2A 700 1$aSCHLUMBERGER$bDaniel$3UONV000357$0208396 702 1$aINGHOLT$bHarald$3UONV011302 702 1$aSTARCKY$bJean$3UONV026831 712 $aGeuthner$3UONV246291$4650 801 $aIT$bSOL$c20250627$gRICA 899 $aSIBA - SISTEMA BIBLIOTECARIO DI ATENEO$2UONSI 912 $aUON00044096 950 $aSIBA - SISTEMA BIBLIOTECARIO DI ATENEO$dSI SIPA X C 004 $eSI MR 36495 7 004 996 $aPalmyrène du Nord-Ouest$9236155 997 $aUNIOR